00361nam a2200145Ia 4500003000500000008004100005020001800046040001900064082000700083100001900090245004900109260003700158300000800195546001200203STCL181203s9999 xx 000 0 und d a9788126548392 aSTCLbENcSTCL 222 aPrimrose, S.B. 0aPrinciples of Gene Manipulation and Genomics bWiley BlackwellaNew Delhic2014 a644 aEnglish